000 01486nam a22002657i 4500
999 _c22922
_d22922
003 AR-CdUCM
008 240523b20222022pe ||||| |||| 00| 0 spa d
020 _a978-612-49021-5-4
040 _aMUNICIPALIDAD PROVINCIAL DEL CUSCO
_cBIBLIOTECA MUNICIPAL DEL CUSCO
041 _hspa
082 _a869.5048 / E
_bE
110 _aMinisterio de Cultura del Perú - Proyecto Especial Bicentenario de la Independencia del Perú
_949983
245 _aEnsayos desde la pandemia para imaginar el Perú Bicentenario /
260 _aLima :
_bMinisterio de Cultura del Perú,
_c2022
300 _a453 páginas. :
_c29 cm.
505 _aBicentenario republicano: Dolor, resiliencia y esperanza -- La batalla de ser nosotros mismos -- Memoria del futuro -- Las guerras y el estado empírico -- El virus que desnuda -- El indígena en el siglo XXI -- La mancha del bicentenario -- Pestes coloniales: "El mendigo andrajoso que la llevaba a los pueblos alejados" -- El antiguo Perú frente al bicentenario -- 200 años después: De nuevo, el miedo -- La independencia de lucha en casa -- Salud mental: Anhelo y urgencia
650 _aBicentenario republicano: Dolor, resiliencia y esperanza
_949988
650 _aLas guerras y el estado empírico
_949989
650 _aEl virus que desnuda
_949990
650 _aEl indígena en el siglo XXI
_949991
650 _aSalud mental: Anhelo y urgencia
_949992
856 _fwww.bicentenario.gob.pe
942 _2ddc
_cLIBROS
945 _apbj
_d2024-05-23